The Chernobyl, Russia, nuclear incident : hearing before the Committee on Labor and Human Resources, United States Senate, One Hundredth Congress, first session on reviewing the causes and consequences of the Chernobyl nuclear powerplant incident, January 20, 1987.

Bibliographic Details
Corporate Authors: United States. Congress. Senate. Committee on Labor and Human Resources, ProQuest (Firm)
Format: Government Document eBook
Language:English
Published: Washington : U.S. G.P.O., 1987.
Series:U.S. Congressional Hearings.
Subjects:
Online Access:Connect to the full text of this electronic book

MARC

Tag First Indicator Second Indicator Subfields
LEADER 00000cam a22000001a 4500
001 in00003215621
006 m d f
007 cr bn mmmapmmp
008 091020s1987 dcua o f000 0 eng d
005 20260604203620.1
035 |a cis2007452898 
040 |a UMI  |c UMI  |d UtOrBLW 
043 |a n-us--- 
074 |a 1043-A, 1043-B (microfiche) 
086 0 |a Y 4.L 11/4:S.hrg.100-305 
099 |a HRG-1987-LHR-0022 
110 1 |a United States.  |b Congress.  |b Senate.  |b Committee on Labor and Human Resources. 
245 1 4 |a The Chernobyl, Russia, nuclear incident :  |b hearing before the Committee on Labor and Human Resources, United States Senate, One Hundredth Congress, first session on reviewing the causes and consequences of the Chernobyl nuclear powerplant incident, January 20, 1987. 
264 1 |a Washington :  |b U.S. G.P.O.,  |c 1987. 
300 |a 1 online resource. 
336 |a text  |b txt  |2 rdacontent 
337 |a computer  |b c  |2 rdamedia 
338 |a online resource  |b cr  |2 rdacarrier 
490 1 |a S. hrg. ;  |v 100-305 
500 |a Record is based on bibliographic data in ProQuest Congressional Hearings Digital Collection. Reuse except for individual research requires license from ProQuest, LLC. 
538 |a System requirements: PDF reader software. 
500 |a Electronic resource. 
650 0 |a Chernobyl Nuclear Accident, Chornobylʹ, Ukraine, 1986. 
650 0 |a Nuclear power plants  |z Ukraine  |z Chornobylʹ  |x Accidents. 
655 7 |a Electronic books.  |2 local 
710 2 |a ProQuest (Firm) 
776 0 8 |i Print version:  |a United States. Congress. Senate. Committee on Labor and Human Resources.  |t Chernobyl, Russia, nuclear incident  |w (OCoLC)17447271  |w gp 88011477 
776 0 8 |i Microfiche version:  |a United States. Congress. Senate. Committee on Labor and Human Resources.  |t Chernobyl, Russia, nuclear incident.  |d [Bethesda, Md.] : ProQuest,[2004]  |o CIS 87 S541-46  |w (ProQuest)cis08702365 
810 1 |a United States.  |b Congress.  |b Senate.  |t S. hrg. ;  |v 100-305. 
830 0 |a U.S. Congressional Hearings. 
856 4 0 |u http://proxy.library.tamu.edu/login?url=https://congressional.proquest.com/congcomp/getdoc?HEARING-ID=HRG-1987-LHR-0022  |z Connect to the full text of this electronic book  |t 0 
998 |a cis08702365 
999 |a MARS 
999 f f |s 4dec4462-8100-3f43-a1c7-0acccbbb4ba7  |i d78a5c5e-94f5-3982-9d1f-2814ad9b705f  |t 0 
952 f f |a Texas A&M University  |b College Station  |c Electronic Resources  |s www_evans  |d Available Online  |t 0  |e HRG-1987-LHR-0022  |h Other scheme 
998 f f |a HRG-1987-LHR-0022  |t 0  |l Available Online